Vietnam Heritage Cultural Heritage Association of Vietnam. Reinventing the Wheel

Đã lưu trong:
Chi tiết về thư mục
Định dạng: Không biết
Được phát hành: 2014
Các nhãn: Thêm thẻ
Không có thẻ, Là người đầu tiên thẻ bản ghi này!
Thư viện lưu trữ: Mạng thư viện Đại học Đà Nẵng
LEADER 00723na a2200205 4500
001 000032489
003 8578
005 20151002091341.0
008 151002s2014 000
082 |a 420.30 
245 |a Vietnam Heritage Cultural Heritage Association of Vietnam. Reinventing the Wheel  |c Lê Thanh Hải 
260 |c 2014 
OWN |a LNN 
AVA |a UDN50  |b LNN  |d 420.30  |e available  |t Error 5001 Not defined in file expand_doc_bib_avail.  |f 1  |g 0  |h N  |i 0  |k 1 
999 |a From the UDN01 
AVA |a UDN50  |b LNN  |d 420.30  |e available  |t Error 5001 Not defined in file expand_doc_bib_avail.  |f 1  |g 0  |h N  |i 0  |k 1 
TYP |a Printed language 
980 |a Mạng thư viện Đại học Đà Nẵng